[Event "20th Dubai Open 2018"]
[Site "Dubai"]
[Date "2018.04.07"]
[Round "6"]
[White "Viani, Antonio Dcunha"]
[Black "Priyanka Nutakki"]
[Result "0-1"]
[WhiteElo "2435"]
[BlackElo "1957"]
[Annotator "TA"]
[PlyCount "108"]
[EventDate "2018.??.??"]
[EventType "swiss"]
[EventCountry "UAE"]
[SourceTitle "playchess.com"]
[Source "ChessBase"]
[SourceQuality "1"]

{[%evp 15,108,16,19,-56,-61,-62,-56,-64,-79,-73,-44,-46,-54,-89,-97,-91,-100,-95,-77,-69,-69,-82,-91,-89,-88,-81,-93,-122,-122,-139,-129,-124,-136,-185,-184,-185,-172,-171,-164,-166,-171,-177,-166,-166,-166,-210,-136,-134,-141,-171,-74,-102,-95,-91,-14,-170,-93,-158,-108,-129,-130,-163,-133,-104,-63,-172,-164,-173,-94,-77,0,-170,-170,-181,-177,-166,-176,-29989,-1029,-946,-842,-1132,-1078,-1114,-1079,-1002,-972,-1159,-1159,-29963,-29963,-6356,-6335,-6203,-6102]} 1. e4 e6 2. d4 d5 3. Nd2 Nf6 4. e5 Nfd7 5. f4 c5 6. Ndf3 Nc6 7. Ne2 Qb6 8. c3 f6 {LiveBook: 172 Games} 9. f5 {C11: French: Classical System: 4 e5 and 4 Bg5 dxe4} (9. Qb3 $11) (9. a3 Be7 10. h4 O-O 11. b4 cxd4 12. cxd4 a5 13. b5 Qxb5 14. Nc3 Qb6 15. Rb1 Qd8 16. Bd3 fxe5 17. dxe5 Nc5 18. Bxh7+ Kxh7 19. Ng5+ Kh6 20. Qc2 g6 21. h5 Ne4 22. Ncxe4 Nd4 23. Qd1 {1-0 (23) Vasquez Schroder,R (2547)-Liu,G (2462) Lorca 2017}) 9... cxd4 $15 10. fxe6 Ndxe5 {...dxc3 is the strong threat.} 11. Nexd4 $146 {Black is slightly better.} ({Predecessor:} 11. Nf4 Bd6 12. Nxd4 Nxd4 13. cxd4 Ng6 14. Qa4+ Kf8 15. Nxd5 {½-½ (15) Niehaus,F (2182)-Thompson,I (2276) Berlin 2011}) 11... Nxf3+ 12. Nxf3 Bxe6 {Threatens to win with ...0-0-0.} 13. Qe2 Kd7 14. b4 Re8 15. Be3 Qc7 16. Qd2 Bd6 17. Bb5 {[%cal Bf1b5,Bb5a4,Ba4c2][%mdl 32]} a6 18. Ba4 b5 $36 {[%mdl 2048] Black is on the roll.} 19. Bc2 Ne5 {aiming for ...Nc4.} 20. O-O Nxf3+ 21. gxf3 Rc8 22. Bd4 {[#]} Bxb4 $1 {[%mdl 512]} 23. cxb4 Qxc2 24. Qe3 Bh3 {[%csl Gh3][%cal Rc2g2]} ({But not} 24... Qg6+ 25. Kh1 $17) 25. Rf2 Qg6+ 26. Kh1 Rhe8 27. Qd2 Qf5 28. Bc5 Re5 29. a4 bxa4 30. Qd1 Rc6 31. Qxa4 Qd3 32. Rg1 Rg5 (32... g5 $19 {is more deadly. Strongly threatening ...g4!} 33. Qc2 Qxc2 34. Rxc2 Rce6) 33. Rd1 Qc4 34. Rc2 Qf4 ({Black should try} 34... Qb5 $17 35. Qa2 Re6) 35. Qb3 $2 (35. Qxc6+ $1 $11 {and White is okay.} Kxc6 36. Be3+ Qc4 37. Rxc4+ dxc4 38. Bxg5 fxg5 39. Kg1) 35... Qe5 (35... Ke8 $19 36. Re2+ (36. Rxd5 $2 Be6 $19) 36... Kf7 37. Re7+ Kg6 38. Qd3+ Kh6) 36. Rcd2 (36. Qa4 $142 Qe6 37. Be3 Bg2+ 38. Rxg2 Rxg2 39. Kxg2 Qxe3 40. Rxd5+ Kc7 41. Qd1) 36... Be6 37. Qd3 Qf5 38. Qf1 Rh5 39. Ra1 Qf4 40. Qf2 (40. Rg2 $15) 40... Rh3 41. Rd3 Qe5 (41... Ke8 $19 42. Re1 Kf7) 42. Rda3 $17 Qf4 ({Better is} 42... Qf5 $17) 43. Rd1 $2 (43. Rd3 $11 {and White has nothing to worry.}) 43... g5 44. Kg1 g4 {[%cal Rg4f3]} 45. Rdd3 g3 46. hxg3 $2 (46. Qe3 $19 Qf5 47. Ra2) 46... Rxg3+ (46... Qc1+ $142 47. Qf1 {[#]} Rh1+ $1 {[%mdl 512]} 48. Kxh1 Qxf1+ 49. Kh2 Qe2+ 50. Kg1 Rxc5 $1 {[%mdl 512]} 51. bxc5 Bh3 52. Rxd5+ Kc7 53. Rd7+ Kxd7 54. c6+ Kc7 55. Ra2 Qxa2 56. Kh1 Qg2#) 47. Kf1 $19 Bh3+ 48. Ke1 Qc1+ 49. Rd1 Re6+ 50. Re3 Qc3+ $1 51. Ke2 Rxe3+ 52. Qxe3 Rg2+ 53. Kf1 Rd2+ 54. Ke1 Rd3+ {Precision: White = 39%, Black = 58%.} 0-1

[Event "20th Dubai Open 2018"]
[Site "Dubai"]
[Date "2018.04.07"]
[Round "6"]
[White "Raghunandan, Kaumandur Srihari"]
[Black "Aradhya, Garg"]
[Result "1-0"]
[WhiteElo "2434"]
[BlackElo "2218"]
[Annotator "TA"]
[PlyCount "75"]
[EventDate "2018.??.??"]
[EventType "swiss"]
[EventCountry "UAE"]
[SourceTitle "playchess.com"]
[Source "ChessBase"]
[SourceQuality "1"]

{[%evp 14,75,10,0,14,9,8,2,16,20,15,23,55,68,54,56,144,116,117,69,118,100,295,179,143,147,224,223,229,212,214,201,302,266,515,477,487,490,650,628,823,812,1146,1042,1037,1023,1026,997,935,849,1380,1008,2160,2170,1779,1506,29971,29968,29981,29978,29978,29979,29983,29984]} 1. Nf3 Nf6 2. g3 d5 3. Bg2 Bf5 4. O-O e6 5. d3 c6 6. Nh4 Bg4 {A07: Réti Opening: New York and Capablanca Systems} 7. h3 Bh5 8. Qe1 {LiveBook: 25 Games} Bc5 {The position is equal.} 9. Kh1 O-O 10. f4 Be7 11. e4 $146 ({Predecessor:} 11. b3 Nfd7 12. Bb2 Bxh4 13. gxh4 Qe7 14. c4 {1-0 (42) Fedoseev,V (2683)-Iskusnyh,S (2465) St Petersburg 2015}) 11... dxe4 12. dxe4 e5 13. Nf5 {Threatens to win with g4.} exf4 $1 14. gxf4 Ne8 (14... Bg6 $14) 15. b3 Bc5 16. Bb2 f6 17. Nc3 {[%cal Bb1c3,Bc3a4,Ba4c5,Bc5d3][%mdl 32]} Nd6 $2 (17... Nd7 $16 {was worth a try.}) 18. Na4 Nxf5 19. Nxc5 Re8 (19... Qe7 $16 {keeps fighting.}) 20. Qf2 $18 b6 {[#]} 21. Nd3 $1 ({Resist} 21. exf5 $6 bxc5 22. Rfe1 (22. Qxc5 Nd7 $16) 22... Rxe1+ 23. Rxe1 (23. Qxe1 a5 $16) 23... Qf8) 21... Nd6 22. Rae1 f5 (22... Nd7 $142 23. e5 Nf5 24. Bxc6 Rc8) 23. e5 Ne4 $2 (23... Nc8 24. e6 a5) 24. Bxe4 fxe4 25. Rxe4 Rf8 26. f5 Nd7 27. Qg2 Kh8 28. e6 {[%csl Gb2][%cal Rg2g7] [#]} Nf6 29. e7 Qd5 30. exf8=Q+ Rxf8 31. Bxf6 gxf6 32. Re7 Rg8 33. Qxd5 cxd5 34. Nf4 Be8 35. Rg1 {White mates.} Bb5 36. Rxg8+ Kxg8 37. Nxd5 Bc6 38. c4 {Precision: White = 63%, Black = 30%.} 1-0

[Event "20th Dubai Open 2018"]
[Site "Dubai"]
[Date "2018.04.07"]
[Round "6"]
[White "Tahbaz, Arash"]
[Black "Tabatabaei, M.Amin"]
[Result "1/2-1/2"]
[WhiteElo "2434"]
[BlackElo "2605"]
[Annotator "TA"]
[PlyCount "111"]
[EventDate "2018.??.??"]
[EventType "swiss"]
[EventCountry "UAE"]
[SourceTitle "playchess.com"]
[Source "ChessBase"]
[SourceQuality "1"]

{[%evp 25,111,0,0,0,2,-5,0,-14,0,4,3,0,8,-6,0,0,0,0,0,0,0,0,0,0,0,0,0,-15,-17,-39,-9,-9,0,0,-4,-3,-7,-6,-4,-5,0,0,0,-16,0,-34,0,-32,0,0,0,0,0,0,0,0,0,0,0,0,0,0,0,0,0,0,0,0,0,0,0,0,0,0,0,0,0,0,0,0,0,0,0,0,8,8,8,8]} 1. c4 e6 2. Nf3 d5 3. d4 Nf6 4. Nc3 c6 5. cxd5 exd5 6. Bg5 Be7 7. e3 Bf5 8. Bd3 Bxd3 9. Qxd3 Nbd7 10. O-O O-O 11. h3 Re8 12. Bf4 Nf8 13. Rab1 a5 {LiveBook: 4 Games} 14. Bh2 {D35: Queen's Gambit Declined: Exchange Variation} (14. Qc2 Ng6 15. Bh2 Bd6 16. Bxd6 Qxd6 17. Rfc1 Ne4 18. Nxe4 Rxe4 19. Qc5 {½-½ (19) Burmakin,V (2571)-Sorokin,M (2583) Sochi 2004}) 14... Ng6 15. Ne5 Bd6 $146 {[%cal Rg6e5]} ({Predecessor:} 15... Nxe5 16. Bxe5 Bd6 17. Bxd6 Qxd6 18. Rbc1 Re6 19. Na4 Nd7 20. Nc5 Nxc5 21. Rxc5 Rg6 22. Rfc1 h6 23. Qf5 Rg5 24. Qf3 Qg6 25. a3 a4 {½-½ (41) Hardicsay,P (2249)-Juhasz,A (2375) Heviz 2016}) 16. Nxg6 {[#] Hoping for Bxd6.} hxg6 17. Bxd6 Qxd6 18. a3 a4 19. f3 Re7 20. Rfe1 Nh5 21. Qd2 Ng3 22. e4 dxe4 23. fxe4 Rae8 $1 {[%cal Rg3e4]} 24. Qd3 $1 {[#] Threatens to win with e5.} Qf4 {[%cal Rg3e4]} 25. Qf3 g5 {[%cal Rg3e4]} 26. Qxf4 (26. d5 {looks sharper.} Re5 27. dxc6 bxc6 28. Qf2 f6 29. Nxa4 Nxe4 30. Qxf4 gxf4 31. Nb6) 26... gxf4 27. e5 Rd8 28. Rbd1 Red7 29. Nxa4 Rxd4 30. Rxd4 Rxd4 $11 {[%mdl 4096] Endgame KRN-KRN} 31. Nc5 Rd2 32. b4 Ra2 33. Nxb7 Nf5 34. Nc5 Nh4 {aiming for ...f3.} 35. Rf1 Rxg2+ 36. Kh1 Ra2 37. Rxf4 {The position is equal.} g5 38. Rf6 (38. Rg4 {leads to mate.} Nf3 39. Rxg5+ Kf8 40. Ne6+ fxe6 41. Rg8+ Kxg8 42. h4 Rh2#) 38... Rxa3 39. Rxc6 Ra1+ 40. Kh2 Nf3+ 41. Kg2 Nxe5 42. Ra6 Rb1 43. Ne4 Rb2+ 44. Kf1 Rxb4 45. Nxg5 Kg7 46. Ra3 Rb2 47. Nf3 Ng6 48. Ra4 Kf6 49. h4 {[%cal Bh3h4,Bh4h5][%mdl 32]} Kf5 50. h5 Nf4 51. Nh4+ Kg5 52. Nf3+ Kg4 53. Ne5+ Kf5 54. Rxf4+ Kxf4 55. Nd3+ Kg5 56. Nxb2 {Precision: White = 81%, Black = 49%.} 1/2-1/2

[Event "20th Dubai Open 2018"]
[Site "Dubai"]
[Date "2018.04.07"]
[Round "6"]
[White "Harsha, Bharathakoti"]
[Black "Volkov, Sergey"]
[Result "1-0"]
[WhiteElo "2424"]
[BlackElo "2598"]
[Annotator "TA"]
[PlyCount "83"]
[EventDate "2018.??.??"]
[EventType "swiss"]
[EventCountry "UAE"]
[SourceTitle "playchess.com"]
[Source "ChessBase"]
[SourceQuality "1"]

{[%evp 19,83,32,56,29,34,25,25,31,25,23,30,38,35,24,51,51,47,49,48,45,46,36,74,70,65,64,85,81,69,53,89,79,156,154,161,170,121,145,164,164,152,145,147,158,159,133,162,156,123,123,129,129,12841,11589,29988,29989,29993,29988,29988,29989,29995,29996,29997,29998,29998,29999]} 1. d4 d5 2. c4 c6 3. Nf3 Nf6 4. Nc3 a6 5. Qc2 g6 (5... dxc4 6. e4 b5 7. b3 b4 8. Na4 cxb3 9. axb3 e6 10. Bd3 Be7 11. O-O h6 12. Bf4 O-O 13. Qd2 {0-1 (34) Matlakov,M (2735)-Fedoseev,V (2718) St Petersburg 2017}) 6. e4 {D15: Slav Defence: 4 Nc3 a6 and gambit lines after 4 Nc3 dxc4} Nxe4 7. Nxe4 dxe4 8. Qxe4 Bg7 9. Be2 Nd7 10. O-O Nf6 {LiveBook: 6 Games} 11. Qh4 Bg4 12. Be3 $146 ({Predecessor:} 12. h3 Bxf3 13. Bxf3 {1-0 (38) Popov,M (2416)-Bhakti,K (2306) Marianske Lazne 2018}) 12... O-O 13. h3 Bxf3 14. Bxf3 Nd7 15. Rad1 e6 16. Qe4 Qa5 17. Qc2 Rfe8 18. b4 Qc7 19. Qb3 Rad8 20. a4 {[%cal Ba2a4,Ba4a5][%mdl 32]} Nb6 21. a5 Nc8 22. d5 cxd5 $1 23. cxd5 e5 24. Bg4 Bf8 25. Rc1 Qb8 {[#]} ({Black should play} 25... Qd6) 26. b5 $1 $16 {[%cal Rb5a6] Strongly threatening bxa6.} axb5 {[#]} 27. Bxc8 $1 (27. Qxb5 f5 $16) 27... Rxc8 28. Qxb5 Bd6 29. Rxc8 Qxc8 30. Rc1 Qa8 31. Qb6 Rd8 32. Bg5 Rd7 33. Qb5 $36 {[%mdl 2048] White is in control.} Qe8 34. a6 bxa6 35. Qxa6 Kg7 $2 {[%mdl 8192]} (35... Be7 $16 36. Rc8 Rd8 37. Rxd8 Qxd8) 36. Rc8 $18 Ra7 {[#]} 37. Bf6+ $1 {[%mdl 512] White mates.} Kh6 (37... Kxf6 38. Qxd6+) 38. Qxd6 ({Less strong is} 38. Rxe8 Rxa6 39. g4 (39. Bxe5 Bxe5 40. Rxe5 Rd6 $14) 39... Bc5 $18) 38... Qxc8 39. Qxe5 {[%csl Ge5][%cal Rf6g7]} Qc1+ 40. Kh2 {[%csl Ge5][%cal Rf6g7]} g5 41. Bg7+ Kh5 42. g4+ {Precision: White = 79%, Black = 41%.} 1-0

[Event "20th Dubai Open 2018"]
[Site "Dubai"]
[Date "2018.04.07"]
[Round "6"]
[White "Dimakiling, Oliver"]
[Black "Balasubramaniam H"]
[Result "1/2-1/2"]
[WhiteElo "2412"]
[BlackElo "2060"]
[Annotator "TA"]
[PlyCount "76"]
[EventDate "2018.??.??"]
[EventType "swiss"]
[EventCountry "UAE"]
[SourceTitle "playchess.com"]
[Source "ChessBase"]
[SourceQuality "1"]

{[%evp 10,76,12,10,12,6,14,6,7,6,4,15,10,8,22,14,11,4,35,32,40,33,58,-55,-18,-24,0,-99,-93,-103,-97,-87,-70,-109,-12,-99,-95,-166,-91,-92,-85,-76,-69,-83,-68,-81,-70,-96,-102,-125,-73,-88,-52,-46,-61,-48,-46,-46,-50,-34,-36,-14,0,-101,0,-93,0,0,0]} 1. Nf3 g6 2. d4 Nf6 3. Bf4 Bg7 4. c3 O-O 5. Nbd2 d6 6. h3 Nc6 {A48: 1 d4 Nf6 2 Nf3 g6: Torre, London and Colle Systems} (6... Nbd7 7. Bh2 b6 8. e4 e5 9. Bd3 Bb7 10. O-O Nh5 11. Re1 Bh6 12. Nc4 {½-½ (12) Berkes,F (2645)-Vovk,A (2641) Hungary 2017}) 7. Qc2 Qe8 8. e4 e5 9. dxe5 $1 Nxe5 10. Nxe5 dxe5 11. Be3 $146 ({Predecessor:} 11. Bh2 Qe7 12. Be2 Bd7 13. Nc4 Bc6 14. Bf3 {½-½ (28) Estrada Degrandi,W-Silva Nazzari,R Uruguay 1971}) 11... Qe7 12. Be2 b6 13. a4 {[%cal Ba2a4,Ba4a5][%mdl 32]} Bb7 14. a5 Ne8 {[%cal Bf6e8,Be8d6,Bd6f7,Bf7g5][%mdl 32]} 15. O-O Kh8 16. f4 (16. f3 $14) 16... exf4 17. Bxf4 Be5 {Strongly threatening ...Qc5+.} (17... Nf6 {is more complex.} 18. Rfe1 Nd7 19. Qd3 Be5 20. Bh6 Rfe8) 18. Kh1 (18. a6 $11 Bc6 19. Bxe5+ Qxe5 20. Bd3) 18... Bxf4 $17 19. Rxf4 Nd6 20. Bd3 Rad8 21. Nf3 {[#]} f5 $1 {[%mdl 512]} 22. e5 (22. exf5 $11 {remains equal.} gxf5 23. Qf2 (23. Bxf5 $2 Qe3 $19)) 22... Nf7 23. Re1 {[#]} (23. Qe2 $17 {was necessary.}) 23... Bxf3 ({Don't play} 23... bxa5 24. Bf1 $15) (23... Ng5 $1 $19 {[%cal Rg5f3]} 24. Bf1 Ne4) 24. Rxf3 Ng5 ({Much weaker is} 24... Nxe5 $6 25. Rfe3 $11) 25. Rf2 bxa5 26. Qe2 Ne6 27. Bc2 Qc5 28. Rff1 Rb8 29. Ba4 {[#]} Rfd8 (29... Rf7 $142 $1 30. Rb1 Ng5) 30. Rd1 Ng5 {aiming for ...Ne4.} 31. Rxd8+ $1 Rxd8 32. Rd1 Rxd1+ 33. Qxd1 {And now Qd8+ would win.} Ne4 34. Qd8+ Kg7 35. Qd7+ Kh8 36. e6 (36. Qe8+ $11 Kg7 37. Qd7+ Kh6 38. Qd4) 36... Ng3+ 37. Kh2 Nf1+ ({Black should play} 37... Ne2 $17 {[%csl Ge2][%cal Rc5g1]} 38. Qd1 Qe5+ 39. Kh1 Kg7 40. Qd7+ Kh6 41. Qd2+ f4) 38. Kh1 $11 {Threatens to win with Qd3.} Ng3+ {Precision: White = 55%, Black = 70%.} 1/2-1/2

[Event "20th Dubai Open 2018"]
[Site "Dubai"]
[Date "2018.04.07"]
[Round "6"]
[White "Arjun, Kalyan"]
[Black "Vishnu, Prasanna. V"]
[Result "0-1"]
[WhiteElo "2397"]
[BlackElo "2510"]
[Annotator "TA"]
[PlyCount "86"]
[EventDate "2018.??.??"]
[EventType "swiss"]
[EventCountry "UAE"]
[SourceTitle "playchess.com"]
[Source "ChessBase"]
[SourceQuality "1"]

{[%evp 25,86,42,23,30,26,26,33,24,23,36,37,8,20,0,0,-2,-18,-10,-15,-27,-23,-28,-21,-20,-24,-41,-32,-81,-83,-87,-85,-92,-89,-86,-80,-119,-107,-160,-163,-169,-68,-75,-68,-69,-70,-139,-146,-217,-218,-208,-202,-194,-190,-228,-219,-491,-491,-491,-491,-491,-485,-485,-466]} 1. e4 e5 2. Nf3 Nc6 3. Bb5 a6 4. Ba4 Nf6 {[%cal Bg8f6,Bf6d7,Bd7c5][%mdl 32]} 5. O-O Be7 6. Re1 d6 7. c3 Bg4 8. d3 Nd7 9. h3 {C87: Closed Ruy Lopez: Steinitz-type lines after 6 Re1 d6} Bh5 10. Nbd2 {[%cal Bb1d2,Bd2f1,Bf1g3][%mdl 32]} Nc5 11. Bc2 Ne6 12. Nf1 Ng5 13. Bxg5 Bxg5 {LiveBook: 39 Games} 14. Ng3 Bxf3 15. Qxf3 O-O 16. Rad1 g6 (16... Qf6 17. Qxf6 Bxf6 {0-1 (57) Najer,E (2699)-Mamedyarov,S (2791) Antalya 2017}) 17. d4 $146 Qe7 18. Ba4 Bh6 19. Bxc6 bxc6 20. dxe5 Qxe5 21. Ne2 Qa5 22. Ra1 Qb6 23. b3 Bg7 24. Qd3 a5 {[%cal Ba6a5,Ba5a4][%mdl 32]} 25. Nd4 a4 26. Qc4 c5 27. Ne2 Qa6 28. Qxa6 Rxa6 29. Rab1 Rb8 30. bxa4 Rc8 31. Nf4 (31. f3 $142) 31... Bxc3 $17 ({Don't do} 31... Rxa4 32. Nd5 $15) 32. Red1 {aiming for Nd5.} c6 (32... Kg7 $19 33. Nd5 Be5) 33. Ne2 $15 Bg7 34. Rxd6 Rxa4 35. Nc1 ({White should play} 35. Rd2 $15) 35... Rxe4 $17 36. Nb3 {[#]} (36. Kf1 $17 {might work better.}) 36... Rb4 $1 $19 {Threatens to win with ...c4.} 37. Rc1 c4 38. Na5 {[#]} c3 $1 {Hoping for ...Bh6.} 39. Nxc6 Rb7 40. Nd4 $2 (40. g4 {was forced.}) 40... Bh6 {Black is clearly winning.} 41. Rf1 c2 42. Nxc2 Rxc2 43. a4 Ra2 {Precision: White = 41%, Black = 67%.} 0-1

[Event "20th Dubai Open 2018"]
[Site "Dubai"]
[Date "2018.04.07"]
[Round "6"]
[White "Muthaiah AL"]
[Black "Krysa, Leandro"]
[Result "1/2-1/2"]
[WhiteElo "2372"]
[BlackElo "2543"]
[Annotator "TA"]
[PlyCount "119"]
[EventDate "2018.??.??"]
[EventType "swiss"]
[EventCountry "UAE"]
[SourceTitle "playchess.com"]
[Source "ChessBase"]
[SourceQuality "1"]

{[%evp 15,119,-44,-37,-58,-29,-29,-29,-29,-29,-29,-29,-30,-49,-37,-20,-50,-12,-22,-6,0,0,0,0,0,0,-5,0,0,0,-4,0,0,0,0,0,-2,0,-4,-4,-4,0,0,0,-4,-1,-1,-1,-13,-13,-264,-241,-331,-349,-312,-389,-496,-453,-316,-438,-435,-167,-528,-309,-472,-302,-437,-309,-256,-82,-85,-12,-15,-22,-92,0,-34,-24,-27,-27,-36,0,0,0,0,0,0,0,0,0,0,0,0,0,0,0,0,0,-38,-38,-38,0,0,0,0,0,0]} 1. Nf3 d5 2. g3 g6 3. Bg2 Bg7 4. c4 dxc4 5. Qa4+ Nc6 6. Qxc4 {A09: Réti Opening: 1 Nf3 d5 2 c4} e5 7. d3 Nge7 8. O-O O-O {LiveBook: 26 Games} 9. a3 Nd4 $146 ({Predecessor:} 9... Be6 10. Qc2 h6 11. Nc3 a5 {0-1 (51) Lagno,K (2523)-Gelfand,B (2741) Berlin 2015}) 10. Nxd4 exd4 11. Nd2 Be6 12. Qc2 Bd5 13. b4 a5 14. Bb2 Re8 15. Nf3 axb4 16. axb4 Qd6 17. b5 c6 (17... Nf5 {keeps more tension.} 18. Rxa8 Rxa8 19. Bh3 Qb6 20. Bxf5 gxf5 21. Ra1 Rxa1+ 22. Bxa1 Bxf3 23. exf3 Qxb5 24. Qxc7 Qb1+) 18. bxc6 Nxc6 19. Rxa8 Rxa8 20. Ra1 Rxa1+ 21. Bxa1 b5 22. Nd2 Bxg2 23. Kxg2 Qd5+ 24. Kg1 h6 25. Bb2 Kh7 26. Qb3 Qxb3 27. Nxb3 $11 {[%mdl 4096] Endgame KBN-KBN} f5 28. Kf1 g5 29. h3 Kg6 30. g4 Be5 31. Kg2 Kf6 32. e3 $2 {[%mdl 8192]} (32. Kf1 $11 {and White stays safe.}) 32... dxe3 $19 33. d4 {[#]} Nxd4 $1 {[%mdl 512]} 34. Nxd4 {[#]} (34. Bxd4 e2) 34... e2 $1 {[%cal Re2e1][%mdl 512]} 35. Bc3 {[#]} (35. Nxe2 Bxb2) 35... e1=Q $1 {[%mdl 512]} 36. Bxe1 Bxd4 {KB-KB} 37. Bb4 Kg6 $2 (37... f4 {Hoping for ...Ke5.} 38. Kf3 Ke6) 38. f3 $2 (38. Kf1 {was the crucial defense.}) 38... Kf7 39. Kf1 (39. gxf5 $142 Kf6 40. Kf1) 39... Bf6 40. Ke2 (40. gxf5 $142 Be7 41. Bd2) 40... Be7 41. Bd2 b4 $2 (41... f4 $19 42. Kd3 Ke6) 42. Kd3 Ke6 (42... fxg4 $17 43. hxg4 b3) 43. Kc4 $1 $11 Ke5 44. Bc1 {[#]} (44. Be3 $1 $11) 44... Bd6 ({Better is} 44... Kf6 $1 $17) 45. Be3 Ke6 46. Bd4 Bf8 47. Bb2 Kf7 48. gxf5 Bg7 49. Bc1 Bc3 50. f4 Kf6 51. fxg5+ hxg5 52. Be3 Kxf5 53. Bc1 Kg6 54. Be3 Kh5 55. Bc1 Kh4 56. Be3 Be1 57. Bc1 Bc3 58. Be3 {The position is equal.} Be5 {aiming for ...Bf4.} 59. Bxg5+ $1 Kxh3 60. Kxb4 {Precision: White = 49%, Black = 45%.} 1/2-1/2

[Event "20th Dubai Open 2018"]
[Site "Dubai"]
[Date "2018.04.07"]
[Round "6"]
[White "Risting, Eivind Olav"]
[Black "Karthikeyan, P."]
[Result "1/2-1/2"]
[WhiteElo "2303"]
[BlackElo "2481"]
[Annotator "TA"]
[PlyCount "47"]
[EventDate "2018.??.??"]
[EventType "swiss"]
[EventCountry "UAE"]
[SourceTitle "playchess.com"]
[Source "ChessBase"]
[SourceQuality "1"]

{[%evp 9,47,31,37,12,42,0,12,7,7,2,24,13,20,-29,14,10,43,17,98,89,76,37,43,43,38,27,27,40,36,39,34,13,33,3,16,0,3,0,12,0]} 1. d4 d5 2. c4 e6 3. Nc3 Bb4 4. Nf3 Ne7 5. e3 c5 6. cxd5 {D31: Queen's Gambit Declined: Semi-Slav without ...Nf6 (+ Marshall Gambit and Noteboom) and Exchange Variation lines without ...Nf6} (6. Bd3 dxc4 7. Bxc4 cxd4 8. exd4 Nbc6 9. O-O O-O 10. a3 Ba5 11. Qd3 a6 12. Rd1 Ng6 13. Bg5 {½-½ (31) Leko,P (2740)-Ponomariov,R (2717) Tromsoe 2014}) 6... exd5 7. Be2 c4 8. O-O O-O 9. a3 $146 ({Predecessor:} 9. Qc2 Bxc3 10. bxc3 Bf5 11. Qb2 b6 12. Nd2 Qc8 13. Bf3 {1-0 (46) Gottschall,I (1731)-Buck,K (1730) Dresden 2013}) 9... Ba5 {[%cal Bb4a5,Ba5c7,Bc7d6][%mdl 32]} 10. b4 Bc7 11. a4 a5 12. b5 Bd6 13. e4 Be6 (13... Nd7 $1 $11) 14. Ng5 Bb4 15. Nxd5 (15. Bd2 {feels hotter.} Bxc3 16. Nxe6 fxe6 17. Bxc3 Nd7 18. Qe1) 15... Nxd5 16. exd5 Bxd5 {[#]} 17. Bxc4 $1 {[%mdl 512] Strongly threatening Qd3.} h6 ({Much weaker is} 17... Bxc4 $6 {[#]} 18. Qc2 $1 $16 {[%mdl 512]}) 18. Bxd5 Qxd5 19. Nf3 Nd7 20. Be3 Rfe8 21. Qb1 Nb6 {The position is equal.} 22. Rc1 Rac8 23. h3 Rxc1+ 24. Qxc1 {Precision: White = 37%, Black = 61%.} 1/2-1/2